Исследование наносекундного разряда в жидкости: диссертация на соискание ученой степени кандидата физико-математических наук; 01.04.10

Библиографические подробности
Главный автор: Лопатин В. В. Владимир Васильевич
Автор-организация: Томский политехнический институт (ТПИ)
Другие авторы: Ушаков В. Я. Василий Яковлевич (научный руководитель)
Язык:русский
Опубликовано: Томск, Изд-во ТПИ, 1972
Предметы:
Формат: MixedMaterials Книга
Запись в KOHA:https://koha.lib.tpu.ru/cgi-bin/koha/opac-detail.pl?biblionumber=130598

MARC

LEADER 00000nbm0a2200000 4500
001 130598
005 20240117111227.0
035 |a (RuTPU)RU\TPU\book\141452 
090 |a 130598 
100 |a 20080206d1972 k y0rusy50 ca 
101 0 |a rus 
102 |a RU 
105 |a a m 001zy 
200 1 |a Исследование наносекундного разряда в жидкости  |e диссертация на соискание ученой степени кандидата физико-математических наук  |e 01.04.10  |f В. В. Лопатин  |g Томский политехнический институт (ТПИ) ; науч. рук. В. Я. Ушаков 
210 |a Томск  |c Изд-во ТПИ  |d 1972 
215 |a 124 л.  |c ил. 
320 |a Библиогр.: с.118-124 (121 назв.). 
610 1 |a физика 
610 1 |a наносекундные разряды 
610 1 |a разряды в жидкости 
610 1 |a зажигание 
610 1 |a развитие 
610 1 |a диссертации 
610 1 |a труды учёных ТПУ 
675 |a 537.5(04)  |v 3 
686 |a 01.04.10  |2 oksvnk 
700 1 |a Лопатин  |b В. В.  |c электрофизик  |c доктор физико-математических наук, профессор Томского политехнического университета, директор НИИ высоких напряжений  |f 1947-  |g Владимир Васильевич  |3 (RuTPU)RU\TPU\pers\20662 
702 1 |a Ушаков  |b В. Я.  |c специалист в области электроэнергетики  |c профессор Томского политехнического университета, доктор технических наук  |f 1939-  |g Василий Яковлевич  |3 (RuTPU)RU\TPU\pers\10509  |4 727  |9 2236 
712 0 2 |a Томский политехнический институт (ТПИ)  |c (1944-1991)  |3 (RuTPU)RU\TPU\col\1123 
801 1 |a RU  |b 63413507  |c 20080206  |g PSBO 
801 2 |a RU  |b 63413507  |c 20121012  |g PSBO 
942 |c BK